| 000 | 00430nam a22001577a 4500 | ||
|---|---|---|---|
| 003 | OSt | ||
| 005 | 20240715114134.0 | ||
| 007 | 355 pages | ||
| 008 | 240715b |||||||| |||| 00| 0 eng d | ||
| 020 | _a9789388991124 | ||
| 040 |
_aAo enterprises _bEnglish _c |
||
| 082 |
_a658.11 _bBAT |
||
| 245 |
_aStartup Launch book _cBatra,Ajay |
||
| 260 |
_bWiley _c2020 |
||
| 942 |
_2ddc _cBK _h658.11 _iBAT _k658.11 _mBAT _n0 |
||
| 999 |
_c36056 _d36056 |
||